00536nam a22001697a 4500003000900000008004100009040007100050082001900121100002600140245001300166260007200179300004300251650001100294650002100305650001300326700002700339AR-CdUCM190311b ||||| |||| 00| 0 spa d aMUNICIPALIDAD PROVINCIAL DEL CUSCOcBIBLIOTECA MUNICIPAL DEL CUSCO a869.56 /bAR72 aArias Larreta, Felipe aPoemas / aKansas City, Missouri : bIndoamérica: New World Library, c1972. a57 páginas ;bilustraciones c20 cm. aPerú aPoesía peruana aSiglo XX aArias Larreta, Abraham